Statistics for U.S. States that were part of the Mexican Empire

Click here to take the quiz!

General Stats

  • This quiz has been taken 74 times
  • The average score is 10 of 10

Answer Stats

State% Correct
California
100%
Texas
100%
New Mexico
98%
Nevada
97%
Oklahoma
97%
Utah
97%
Arizona
95%
Colorado
95%
Kansas
91%
Wyoming
85%

Score Distribution

Percentile by Number Answered

Percent of People with Each Score

Your Score History

You have not taken this quiz